000 00633nam a2200241Ia 4500
001 33172
005 20240114001637.0
007 ta
008 061211s1952 a g b000 u 465 u
040 _aCotton College,Assam
041 _a465
082 _a301.15
_bC 425 Sh
100 _aChesser, Eustace .
245 0 _aSuccessful Living /
_cEustace Chesser.
_hTextual Documents
250 _a1st ed. /
260 _aNew York :
_bPenguin Books Ltd ,
_c1952.
300 _a165p. :
_bill ;
_c18cm .
653 _aSocial Psychology
653 _aG-Sociology
942 _2ddc
_cBK
999 _c33154
_d33154